000 00624nam a22001937a 4500
005 20251108165829.0
008 250721s9999 xx 000 0 ara d
082 1 4 _aط/551.46/إبر
100 1 _aالغوري، إبراهيم حلمي
245 1 0 _aدور المحيطات و البحار في الإقتصاد /
264 1 _aحلب :
_bدار الربيع،
_c[19-].
300 _a
490 0 _aمجموعة المحيطات و البحار
650 1 7 _aالمحيطات
650 1 7 _aالبحار
653 _aأطفال مرحلة متوسطة ( 6 - 9 سنوات )
942 _2ddc
_cBK
999 _c32372
_d32372